header

Using Internet primary sources to teach critical thinking skills in mathematics (Record no. 3408)

MARC details
000 -LEADER
fixed length control field 01391nam a22003254a 4500
082 04 - DEWEY DECIMAL CLASSIFICATION NUMBER
Classification number 510/.71/2
100 1# - MAIN ENTRY--AUTHOR NAME
Personal name Glazer, Evan,
245 10 - TITLE STATEMENT
Title Using Internet primary sources to teach critical thinking skills in mathematics
260 ## - PUBLICATION, DISTRIBUTION, ETC. (IMPRINT)
Place of publication Westport, Conn. :
Name of publisher Greenwood Press,
Year of publication 2001.
300 ## - PHYSICAL DESCRIPTION
Number of Pages xi, 222 p. :
Other physical details ill.
490 1# - SERIES STATEMENT
Series statement Greenwood professional guides in school librarianship,
650 #0 - SUBJECT ADDED ENTRY--TOPICAL TERM
Topical Term Mathematics
Topical Term Internet in education.
856 40 - ELECTRONIC LOCATION AND ACCESS
Uniform Resource Identifier http://site.ebrary.com/lib/rucke/Doc?id=10005702

No items available.

© 2026 Rongo University
Contact us: librarian | system librarian | Rongo university